|
|
|
|
| LEADER |
00000cam a2200000 a 4500 |
| 001 |
vtls001073424 |
| 003 |
SK-MaSNL |
| 005 |
20260302020257.0 |
| 008 |
160414s1993 xo odalfr 00000 slo |
| 015 |
|
|
|a SNBA1993/12
|
| 020 |
|
|
|a 8090054552
|q (brožované)
|
| 035 |
|
|
|a SNK000016255
|
| 040 |
|
|
|a SNK
|b slo
|c SNK
|e AACR2
|
| 041 |
0 |
|
|a slo
|
| 044 |
|
|
|a xo
|c SK
|
| 072 |
|
7 |
|a 616-053.9
|x Geriatria
|2 konspekt
|
| 072 |
|
7 |
|a 613
|x Hygiena. Ľudské zdravie
|2 konspekt
|
| 080 |
|
|
|a 616-053.9:612.67
|2 1997
|
| 080 |
|
|
|a 612.67
|2 1997
|
| 080 |
|
|
|a 613.98
|2 2011
|
| 080 |
|
|
|a 616-053.9
|2 2011
|
| 080 |
|
|
|a (048.8)
|2 2011
|
| 100 |
1 |
|
|a Litomerický, Štefan,
|d 1927-2020
|4 aut
|9 13887
|
| 245 |
1 |
0 |
|a Gerontológia a geriatria
|c Štefan Litomerický a kolektív
|
| 250 |
|
|
|a [1. vyd.]
|
| 260 |
|
|
|a [Bratislava]
|b Teleflash
|c 1993
|e Bratislava
|f Svornosť, spol. s r.o.
|
| 300 |
|
|
|a 278 strán
|b fotografie, grafy, ilustrácie, tabuľky
|c 30 cm
|
| 500 |
|
|
|a Miesto vydania podľa NA ISBN. Mimo edície
|
| 650 |
0 |
7 |
|a gerontológia
|2 SNKPH
|9 1121
|
| 650 |
0 |
7 |
|a Gerontology
|2 SNKPHeng
|9 267489
|
| 650 |
0 |
7 |
|a geriatria
|2 SNKPH
|9 903
|
| 650 |
0 |
7 |
|a Geriatrics
|2 SNKPHeng
|9 267488
|
| 655 |
|
7 |
|a monografie
|2 SNKPH
|9 70139
|
| 655 |
|
7 |
|a Monographs
|2 SNKPHeng
|9 120675
|
| 852 |
|
|
|a Slovenská národná knižnica
|
| 919 |
|
|
|a 80-900545-5-2
|
| 954 |
|
|
|a odborná, vedecká literatúra pôvodná (slovenská)
|2 lita
|
| 958 |
|
|
|a APR
|
| 958 |
|
|
|a TL
|
| 958 |
|
|
|a OND
|
| 958 |
|
|
|a MI
|
| 999 |
|
|
|c 1024487
|d 1026417
|
| 952 |
|
|
|a SNK
|b SNK
|y VYP
|7 0
|p 17A0037862
|o snkSB 51772 D1
|0 0
|1 0
|4 0
|d 1997-02-12
|l 0
|r 2004-12-31 00:00:00
|w 2026-02-24
|
| 952 |
|
|
|a SNK
|b SNK
|y PREZ
|7 0
|p 17A0904704
|o snkSB 51772
|i snkKSP 9843/93
|0 0
|1 0
|4 0
|d 2012-08-07
|l 0
|r 2025-03-12 00:00:00
|w 2026-02-24
|